| 000 | 00527nam a2200217Ia 4500 | ||
|---|---|---|---|
| 003 | OSt | ||
| 005 | 20140402134827.0 | ||
| 008 | 140130s9999 xx 000 0 und d | ||
| 020 | _a9780531177815 | ||
| 020 | _a0531177815 | ||
| 050 |
_aPE1157 _b.B87 2007 |
||
| 100 |
_aBurg, Anna _930917 |
||
| 245 |
_cBurg, Anna _aKate's surprise / |
||
| 260 |
_bScholastic, _c2007. _aNew York : |
||
| 300 |
_a30 p. : _bcol. ill. ; _c18 cm. |
||
| 440 |
_v1 _930918 |
||
| 521 | _aG2 | ||
| 526 | _c320 | ||
| 942 |
_cBK _2lcc |
||
| 999 |
_c40150 _d40150 |
||